000 00300nam a2200133Ia 4500
100 _aKohavi /Zvi
942 _cBK
654 _aautomata theory
245 _aSwitching and finite automata theory
260 _bTata McGraw-Hill
_aNew Delhi
_c1992
300 _a658
546 _aENGLISH
999 _c30877
_d30877